000 03384cam a2200565 i 4500
999 _c478546
_d478546
001 17704205
003 NUST
005 20180604042835.0
008 130419s2013 enka b 001 0 eng c
010 _a 2012277276
015 _aGBB2B6633
_2bnb
016 7 _a016214610
_2Uk
020 _a9780199646296 (hbk.)
020 _a0199646295 (hbk.)
035 _a(OCoLC)ocn819519251
038 _aSNS Library
040 _aUKMGB
_beng
_cUKMGB
_erda
_dOCLCO
_dCDX
_dYDXCP
_dDEBBG
_dIXA
_dOCLCA
_dVGM
_dCUI
_dCOO
_dVVC
_dIUL
_dOCLCQ
_dOCLCF
_dOCLCQ
_dDLC
042 _apcc
050 0 0 _aQ387.2
_b.Q36 2013
082 _a003.54
084 _aES 370
_2rvk
084 _aES 900
_2rvk
100 _aedited by Chris Heunen, Mehrnoosh Sadrzadeh, and Edward Grefenstette, University of Oxford, Department of Computer Science.
_910823
245 0 0 _aQuantum physics and linguistics :
_ba compositional, diagrammatic discourse /
_cedited by Chris Heunen, Mehrnoosh Sadrzadeh, and Edward Grefenstette, University of Oxford, Department of Computer Science.
250 _aFirst edition.
260 _aOxford, United Kingdom :
_bOxford University Press,
_c2013.
300 _axx, 409 pages :
_billustrations ;
_c24 cm
336 _atext
_btxt
_2rdacontent
337 _aunmediated
_bn
_2rdamedia
338 _avolume
_bnc
_2rdacarrier
504 _aIncludes bibliographical references (pages 378-405) and index.
505 0 _aAn alternative gospel of structure: order, composition, processes / Bob Coecke -- Some graphical aspects of Frobenius algebras / Bertfried Fauser -- A graphical approach to measurement-based quantum computing / Ross Duncan -- Quantum groups and braided algebra / Shahn Majid -- Hopf algebras: variant notions and reconstruction theorems / Joost Vercruysse -- Modular categories / Michael Muger -- Scalars, monads, and categories / Dion Coumans and Bart Jacobs -- Types and forgetfulness in categorical linguistics and quantum mechanics / Peter Hines -- From sentence to concept / Anne Preller -- Proof nets for the Lambek-Grishin calculus / Michael Moortgat and Richard Moot -- Algebras over a field and semantics for context-based reasoning / Daoud Clarke -- Distributional semantaic models / Stephen Pulman -- Type-driven syntax and semantics for composing meaning vectors / Stephen Clarke.
650 0 _aConceptual structures (Information theory)
_910824
650 0 _aInformation modeling.
_910825
650 0 _aQuantum theory.
_9177
650 0 _aComputational linguistics.
_910826
650 7 _aComputational linguistics.
_2fast
_0(OCoLC)fst00871998
_910826
650 7 _aConceptual structures (Information theory)
_2fast
_0(OCoLC)fst00872985
_910824
650 7 _aInformation modeling.
_2fast
_0(OCoLC)fst00972569
_910825
650 7 _aQuantum theory.
_2fast
_0(OCoLC)fst01085128
_9177
650 0 7 _aComputerlinguistik.
_2gnd
_0(DE-588)4035843-4
_910827
650 0 7 _aQuanteninformatik.
_2gnd
_0(DE-588)4705961-8
_910828
700 1 _aHeunen, Christiaan Johan Marie.
_910829
700 1 _aSadrzadeh, Mehrnoosh.
_910830
700 1 _aGrefenstette, Edward.
_910831
906 _a7
_bcbc
_cpccadap
_d2
_encip
_f20
_gy-gencatlg
942 _2ddc
_cBK